Seekers of the fox / Kevin Sands.
Available copies
- 2 of 2 copies available at LARL/NWRL Consortium.
- 2 of 2 copies available at Lake Agassiz Regional Library. (Show preferred library)
Current holds
0 current holds with 2 total copies.
Show Only Available Copies
| Location | Call Number / Copy Notes | Barcode | Shelving Location | Status | Due Date |
|---|---|---|---|---|---|
| Barnesville Public Library | J SAN (Text) | 33500013697008 | Main | Available | - |
| Fosston Public Library | J SAN (Text) | 33500013697016 | Main | Available | - |
Record details
- ISBN: 9780593327548
- ISBN: 0593327543
- Physical Description: 391 pages ; 22 cm
- Publisher: New York : Viking, 2022.
Content descriptions
| Summary, etc.: | "In the sequel to Children of the Fox, Callan and ... Read More |
| Target Audience Note: | Ages 10. Viking. Grades 4-6. Viking. |
Search for related items by subject
| Subject: | Magic > Juvenile fiction. Criminals > Juvenile fiction. Quests (Expeditions) > Juvenile fiction. Magic > Fiction. Criminals > Fiction. Quests (Expeditions) > Fiction. Fantasy. |
| Genre: | Fantasy fiction. Novels. Fantasy fiction. Novels. |
Search for related items by series
| LDR | 01725cam a22005058i 4500 | ||
|---|---|---|---|
| 001 | 393427 | ||
| 003 | LARL_NWRL_CONSORTIUM | ||
| 005 | 20221020195610.0 | ||
| 008 | 220729s2022 nyu c 000 1 eng | ||
| 010 | . | ‡a 2022020995 | |
| 040 | . | ‡aDLC ‡beng ‡erda ‡cDLC ‡dOCLCF ‡dMJ8 ‡dUPZ ‡dJCX | |
| 019 | . | ‡a1293649804 | |
| 020 | . | ‡a9780593327548 ‡q(hardcover) | |
| 020 | . | ‡a0593327543 | |
| 020 | . | ‡z9780593327562 ‡q(ebook) | |
| 035 | . | ‡a(OCoLC)1293767454 ‡z(OCoLC)1293649804 | |
| 042 | . | ‡apcc | |
| 082 | 0 | 0. | ‡a[Fic] ‡223 |
| 100 | 1 | . | ‡aSands, Kevin, ‡eauthor. |
| 245 | 1 | 0. | ‡aSeekers of the fox / ‡cKevin Sands. |
| 264 | 1. | ‡aNew York : ‡bViking, ‡c2022. | |
| 300 | . | ‡a391 pages ; ‡c22 cm | |
| 336 | . | ‡atext ‡btxt ‡2rdacontent | |
| 337 | . | ‡aunmediated ‡bn ‡2rdamedia | |
| 338 | . | ‡avolume ‡bnc ‡2rdacarrier | |
| 490 | 0 | . | ‡aThieves of shadow ; ‡v2 |
| 521 | . | ‡aAges 10. ‡bViking. | |
| 521 | . | ‡aGrades 4-6. ‡bViking. | |
| 520 | . | ‡a"In the sequel to Children of the Fox, Callan and friends must face the consequences of resurrecting their dying friend, Lachlan"-- ‡cProvided by publisher. | |
| 650 | 0. | ‡aMagic ‡vJuvenile fiction. ‡0(LARL_NWRL_CONSORTIUM)165990 | |
| 650 | 0. | ‡aCriminals ‡vJuvenile fiction. | |
| 650 | 0. | ‡aQuests (Expeditions) ‡vJuvenile fiction. | |
| 650 | 1. | ‡aMagic ‡vFiction. ‡0(LARL_NWRL_CONSORTIUM)165984 | |
| 650 | 1. | ‡aCriminals ‡vFiction. ‡0(LARL_NWRL_CONSORTIUM)171663 | |
| 650 | 1. | ‡aQuests (Expeditions) ‡vFiction. ‡0(LARL_NWRL_CONSORTIUM)166982 | |
| 650 | 1. | ‡aFantasy. ‡0(LARL_NWRL_CONSORTIUM)19981 | |
| 655 | 7. | ‡aFantasy fiction. ‡2fast | |
| 655 | 7. | ‡aNovels. ‡2fast | |
| 655 | 7. | ‡aFantasy fiction. ‡2lcgft | |
| 655 | 7. | ‡aNovels. ‡2lcgft | |
| 901 | . | ‡a393427 ‡bOCoLC ‡c393427 ‡tbiblio ‡soclc | |

Add to basket
Permalink
Enable Highlighting